Bibliografia prác československých rastlinných virológov 1971-1988

Bibliographic Details
Main Author: Bojňanský, Vít, 1921-2009 (Author)
Format: Book
Language:Slovak
PhysicalDescription:226 s. 24 cm
Published: Bratislava Slovenská akadémia vied 1989
Series:Veda na pomoc praxi
Subjects:

MARC

LEADER 00000nam a2200000 a 4500
001 vtls001166309
003 SK-MaSNL
005 20260301191452.0
008 251029s1989 xo 0 slo
035 |a SNK000109289 
040 |a SNK  |b slo  |c SNK  |e AACR2 
041 |a slo 
044 |a xo  |c SK 
080 |a 016:632.38  |2 2001 
080 |a 632.38  |2 2001 
100 1 |a Bojňanský, Vít,  |d 1921-2009  |4 aut  |9 98414 
245 1 0 |a Bibliografia prác československých rastlinných virológov 1971-1988  |c Vít Bojňanský 
260 |a Bratislava  |b Slovenská akadémia vied  |c 1989  |e Bratislava  |f SAV 
300 |a 226 s.  |c 24 cm 
490 0 |a Veda na pomoc praxi  |v č. 2 
500 |a Súbež. názov rus. a angl.; registre 
650 0 7 |a rastlinná virológia  |2 SNKPH  |9 502127 
655 7 |a bibliografie  |2 SNKPH  |9 28668 
830 0 |a Veda na pomoc praxi  |9 279257 
852 |a Štátna vedecká knižnica v Banskej Bystrici 
958 |a OND 
999 |c 871147  |d 873077 
952 |t P60, <04>, [BOOK], {604}  |a SNK  |b SNK  |y VYP  |7 0  |p 17A0243069  |o snkSC 86043/1971-1988 D1  |0 0  |1 0  |4 0  |d 2000-07-01  |l 0  |r 2005-01-01 00:00:00  |w 2026-02-24